<?xml version="1.0" encoding="UTF-8"?><?xml-stylesheet type="text/xsl" href="static/style.xsl"?><OAI-PMH xmlns="http://www.openarchives.org/OAI/2.0/" xmlns:xsi="http://www.w3.org/2001/XMLSchema-instance" xsi:schemaLocation="http://www.openarchives.org/OAI/2.0/ http://www.openarchives.org/OAI/2.0/OAI-PMH.xsd"><responseDate>2026-04-27T19:58:19Z</responseDate><request verb="GetRecord" identifier="oai:uvadoc.uva.es:10324/4060" metadataPrefix="marc">https://uvadoc.uva.es/oai/request</request><GetRecord><record><header><identifier>oai:uvadoc.uva.es:10324/4060</identifier><datestamp>2021-06-29T09:40:44Z</datestamp><setSpec>com_10324_38</setSpec><setSpec>col_10324_852</setSpec></header><metadata><record xmlns="http://www.loc.gov/MARC21/slim" xmlns:doc="http://www.lyncode.com/xoai" xmlns:xsi="http://www.w3.org/2001/XMLSchema-instance" xmlns:dcterms="http://purl.org/dc/terms/" xsi:schemaLocation="http://www.loc.gov/MARC21/slim http://www.loc.gov/standards/marcxml/schema/MARC21slim.xsd">
<leader>00925njm 22002777a 4500</leader>
<datafield tag="042" ind1=" " ind2=" ">
<subfield code="a">dc</subfield>
</datafield>
<datafield tag="720" ind1=" " ind2=" ">
<subfield code="a">Sanz Trigueros, Francisco Javier</subfield>
<subfield code="e">author</subfield>
</datafield>
<datafield tag="260" ind1=" " ind2=" ">
<subfield code="c">2013</subfield>
</datafield>
<datafield tag="520" ind1=" " ind2=" ">
<subfield code="a">Este trabajo presenta una propuesta de investigación para el desarrollo de la competencia comunicativa en un aula de lengua extranjera en Educación Primaria. La finalidad es describir el proceso de enseñanza y aprendizaje. El trabajo está estructurado en tres partes. La primera parte está dedicada a la fundamentación teórica del concepto de competencia comunicativa y consideraciones metodológicas. La segunda parte trata sobre el análisis del desarrollo de la competencia comunicativa en un aula de lengua extranjera de un colegio de Educación Primaria (sección bilingüe). Para el análisis, se describe el proceso que comprendido en el período de prácticas (25 de febrero – 17 de mayo), enfocándose en los logros de los alumnos en el desarrollo de sus destrezas. La tercera parte trata sobre las conclusiones derivadas de los resultados de la investigación, así como de las reflexiones que toman lugar durante el proceso.</subfield>
</datafield>
<datafield tag="024" ind2=" " ind1="8">
<subfield code="a">http://uvadoc.uva.es/handle/10324/4060</subfield>
</datafield>
<datafield ind1=" " ind2=" " tag="653">
<subfield code="a">Competencia comunicativa (Lingüística)</subfield>
</datafield>
<datafield ind1=" " ind2=" " tag="653">
<subfield code="a">Lenguaje y lenguas-Estudio y enseñanza (Primaria)</subfield>
</datafield>
<datafield tag="245" ind1="0" ind2="0">
<subfield code="a">El desarrollo de la competencia comunicativa en el aula de Inglés – lengua extranjera en Educación Primaria</subfield>
</datafield>
</record></metadata></record></GetRecord></OAI-PMH>